Indios (Record no. 8975)

MARC details
000 -CABECERA
campo de control de longitud fija 00707nam a2200241 a 4500
001 - NÚMERO DE CONTROL
campo de control BRL_162
005 - FECHA Y HORA DE LA ÚLTIMA TRANSACCIÓN
campo de control 20190320210620.0
008 - DATOS DE LONGITUD FIJA--INFORMACIÓN GENERAL
campo de control de longitud fija 191012s1956----sz-o######---#000-0#ger-u
041 ## - CÓDIGO DE LENGUA
Código de lengua del texto/banda sonora o título independiente ger
044 ## - CÓDIGO DEL PAÍS DE LA ENTIDAD EDITORA/PRODUCTORA
Código MARC del país sz
050 #4 - SIGNATURA TOPOGRÁFICA DE LA BIBLIOTECA DEL CONGRESO
Número de clasificación F1201
Número de documento/Ítem .I53 1956
245 10 - MENCIÓN DE TÍTULO
Título Indios
Mención de responsabilidad, etc. fotos von Werner Bischof, Robert Frank, Pierre Verger ; einleitung von Manuel Tuñon de Lara.
260 ## - PUBLICACIÓN, DISTRIBUCIÓN, ETC.
Lugar de publicación, distribución, etc. Suiza
Nombre del editor, distribuidor, etc. Robert Delpire
Fecha de publicación, distribución, etc. 1956
300 ## - DESCRIPCIÓN FÍSICA
Extensión 77 p.
Otras características físicas il.
Dimensiones 30 cm.
500 ## - NOTA GENERAL
Nota general Au211
650 14 - PUNTO DE ACCESO ADICIONAL DE MATERIA--TÉRMINO DE MATERIA
Término de materia o nombre geográfico como elemento de entrada Indigenas
Subdivisión general Vida social y costumbres
9 (RLIN) 23076
700 1# - PUNTO DE ACCESO ADICIONAL--NOMBRE DE PERSONA
Nombre de persona Bischof, Werner
9 (RLIN) 23077
700 1# - PUNTO DE ACCESO ADICIONAL--NOMBRE DE PERSONA
Nombre de persona Frank, Robert
9 (RLIN) 23078
700 1# - PUNTO DE ACCESO ADICIONAL--NOMBRE DE PERSONA
Nombre de persona Verger, Pierre
9 (RLIN) 23079
700 1# - PUNTO DE ACCESO ADICIONAL--NOMBRE DE PERSONA
Nombre de persona Tuñon de Lara, Manuel
9 (RLIN) 2637
902 ## - CATALOGADOR
Iniciales GRL
942 ## - ELEMENTOS DE PUNTO DE ACCESO ADICIONAL (KOHA)
Fuente del sistema de clasificación o colocación Library of Congress Classification
Tipo de ítem Koha Libros
Holdings
Estado de retiro Estado de pérdida Estado dañado No para préstamo Localización permanente Ubicación/localización actual Fecha de adquisición Número de inventario Total de préstamos Signatura topográfica completa Código de barras Fecha visto por última vez Precio válido a partir de Tipo de ítem Koha
El ejemplar forma parte de la colección y puede ser consultado según las políticas vigentes.       Biblioteca Centro de Estudios Ruth D. Lechuga Biblioteca Centro de Estudios Ruth D. Lechuga 19/10/2012 Au211   F1201 .I53 1956 (Au211) GRL00174 22/03/2019 22/03/2019 Libros